000 01320nam a2200229Ia 4500
003 Ost
005 20260416102358.0
008 260416s9999||||xx |||||||||||||| ||und||
040 _cfsecg
041 _aara
082 _a330.1543
100 _aمداني، جميلة
_eمؤلف
245 0 _a دروس وتمارين في الرياضيات المالية :
_bمطبوعة موجهة لطلبة السنة الثانية ليسانس ال م د /
_c جميلة مداني
260 _aالجزائر
_bجامعة الجزائر3: كلية العلوم الإقتصادية، العلوم التجارية وعلوم التسيير
_c2018
300 _a107 ورقة
_bايضاحات
_c30 سم
504 _aمراجع ص.107
520 _aالفائدة البسيطة ، الخصم، تكافؤ الاوراق التجارية بالفائدة البسيطة ، الفائدة المركبة ،الخصم و تكافؤ الاوراق التجارية بالفائدة المركبة ، الدفعات ،استهلاك القروض .
653 _aالاقتصاد الرياضي
653 _aالرياضيات المالية
710 _aجامعة الجزائر3: كلية العلوم الإقتصادية، العلوم التجارية وعلوم التسيير
_eناشر علمي
942 _cHANDOUT
999 _c41290
_d41290